00263nam a2200121Ia 45000030006000000080041000060400015000471000013000622450028000752600009001035460012001120050017001240STCL150530s9999 xx 000 0 und d aSTCLcSTCL aHugo, V. aHunchback of Notre Dame c1997 aEnglish20220125170648.0